<?xml version="1.0" encoding="UTF-8"?>
<record
    xmlns:xsi="http://www.w3.org/2001/XMLSchema-instance"
    xsi:schemaLocation="http://www.loc.gov/MARC21/slim http://www.loc.gov/standards/marcxml/schema/MARC21slim.xsd"
    xmlns="http://www.loc.gov/MARC21/slim">

  <leader>00700nam a22001577a 4500</leader>
  <controlfield tag="003">OSt</controlfield>
  <controlfield tag="005">20161123144330.0</controlfield>
  <controlfield tag="008">161123b        xxu||||| |||| 00| 0 eng d</controlfield>
  <datafield tag="040" ind1=" " ind2=" ">
    <subfield code="c">RUA</subfield>
  </datafield>
  <datafield tag="082" ind1=" " ind2=" ">
    <subfield code="a">VEM HUN 2015 B533 Or.1</subfield>
  </datafield>
  <datafield tag="100" ind1=" " ind2=" ">
    <subfield code="9">11315</subfield>
    <subfield code="a">HUN SREYNITH; &#x17A0;&#x17CA;&#x17BB;&#x1793; &#x179F;&#x17D2;&#x179A;&#x17B8;&#x1793;&#x17B8;&#x178F;</subfield>
  </datafield>
  <datafield tag="245" ind1=" " ind2=" ">
    <subfield code="a">Study on epidemiology of food and mouth disease in cattle at santuk district, kampong thom provice; &#x179F;&#x17B7;&#x1780;&#x17D2;&#x179F;&#x17B6;&#x1796;&#x17B8;&#x1780;&#x1798;&#x17D2;&#x179A;&#x17B7;&#x178F;&#x179A;&#x17B6;&#x179B;&#x178A;&#x17B6;&#x179B;&#x1793;&#x17C3;&#x1787;&#x17C6;&#x1784;&#x17BA;&#x17A2;&#x17BB;&#x178F;&#x1780;&#x17D2;&#x178F;&#x17B6;&#x1798;&#x200B; &#x1793;&#x17C5;&#x1780;&#x17D2;&#x1793;&#x17BB;&#x1784;&#x179F;&#x17D2;&#x179A;&#x17BB;&#x1780;&#x179F;&#x1793;&#x17D2;&#x1791;&#x17BB;&#x1780; &#x1781;&#x17C1;&#x178F;&#x17D2;&#x178F;&#x1780;&#x17C6;&#x1796;&#x1784;&#x17CB;&#x1792;&#x17C6;</subfield>
  </datafield>
  <datafield tag="260" ind1=" " ind2=" ">
    <subfield code="a">PHNOM PENH</subfield>
    <subfield code="b">HUN</subfield>
    <subfield code="c">2015</subfield>
  </datafield>
  <datafield tag="300" ind1=" " ind2=" ">
    <subfield code="a">viii;34p.</subfield>
    <subfield code="b">ill.</subfield>
    <subfield code="c">29cm.</subfield>
  </datafield>
  <datafield tag="942" ind1=" " ind2=" ">
    <subfield code="2">ddc</subfield>
    <subfield code="c">VEM</subfield>
  </datafield>
  <datafield tag="999" ind1=" " ind2=" ">
    <subfield code="c">10879</subfield>
    <subfield code="d">10879</subfield>
  </datafield>
  <datafield tag="952" ind1=" " ind2=" ">
    <subfield code="0">0</subfield>
    <subfield code="1">0</subfield>
    <subfield code="2">ddc</subfield>
    <subfield code="4">0</subfield>
    <subfield code="6">VEM_HUN_2015_000000000000000_B533_OR_1</subfield>
    <subfield code="7">0</subfield>
    <subfield code="9">57153</subfield>
    <subfield code="a">LBB</subfield>
    <subfield code="b">LBB</subfield>
    <subfield code="c">B533</subfield>
    <subfield code="d">2016-11-23</subfield>
    <subfield code="o">VEM HUN 2015 B533 Or.1</subfield>
    <subfield code="p">A03898</subfield>
    <subfield code="r">2016-11-23</subfield>
    <subfield code="w">2016-11-23</subfield>
    <subfield code="y">VEM</subfield>
  </datafield>
  <datafield tag="952" ind1=" " ind2=" ">
    <subfield code="0">0</subfield>
    <subfield code="1">0</subfield>
    <subfield code="2">ddc</subfield>
    <subfield code="4">0</subfield>
    <subfield code="6">VEM_HUN_2015_000000000000000_B533_OR_2</subfield>
    <subfield code="7">0</subfield>
    <subfield code="9">57154</subfield>
    <subfield code="a">LBB</subfield>
    <subfield code="b">LBB</subfield>
    <subfield code="c">B533</subfield>
    <subfield code="d">2016-11-23</subfield>
    <subfield code="o">VEM HUN 2015 B533 Or.2</subfield>
    <subfield code="p">A03267</subfield>
    <subfield code="r">2016-11-23</subfield>
    <subfield code="w">2016-11-23</subfield>
    <subfield code="y">VEM</subfield>
  </datafield>
  <datafield tag="952" ind1=" " ind2=" ">
    <subfield code="0">0</subfield>
    <subfield code="1">0</subfield>
    <subfield code="2">ddc</subfield>
    <subfield code="4">0</subfield>
    <subfield code="6">VEM_HUN_2015_000000000000000_B533_OR_3</subfield>
    <subfield code="7">0</subfield>
    <subfield code="9">57155</subfield>
    <subfield code="a">LBB</subfield>
    <subfield code="b">LBB</subfield>
    <subfield code="c">B533</subfield>
    <subfield code="d">2016-11-23</subfield>
    <subfield code="o">VEM HUN 2015 B533 Or.3</subfield>
    <subfield code="p">A04233</subfield>
    <subfield code="r">2016-11-23</subfield>
    <subfield code="w">2016-11-23</subfield>
    <subfield code="y">VEM</subfield>
  </datafield>
  <datafield tag="952" ind1=" " ind2=" ">
    <subfield code="0">0</subfield>
    <subfield code="1">0</subfield>
    <subfield code="2">ddc</subfield>
    <subfield code="4">0</subfield>
    <subfield code="6">VEM_HUN_2015_000000000000000_B533_OR_4</subfield>
    <subfield code="7">0</subfield>
    <subfield code="9">57156</subfield>
    <subfield code="a">LBB</subfield>
    <subfield code="b">LBB</subfield>
    <subfield code="c">B533</subfield>
    <subfield code="d">2016-11-23</subfield>
    <subfield code="o">VEM HUN 2015 B533 Or.4</subfield>
    <subfield code="p">A03821</subfield>
    <subfield code="r">2016-11-23</subfield>
    <subfield code="w">2016-11-23</subfield>
    <subfield code="y">VEM</subfield>
  </datafield>
  <datafield tag="952" ind1=" " ind2=" ">
    <subfield code="0">0</subfield>
    <subfield code="1">0</subfield>
    <subfield code="2">ddc</subfield>
    <subfield code="4">0</subfield>
    <subfield code="6">VEM_HUN_2015_000000000000000_B533_OR_5</subfield>
    <subfield code="7">0</subfield>
    <subfield code="9">57157</subfield>
    <subfield code="a">LBB</subfield>
    <subfield code="b">LBB</subfield>
    <subfield code="c">B533</subfield>
    <subfield code="d">2016-11-23</subfield>
    <subfield code="o">VEM HUN 2015 B533 Or.5</subfield>
    <subfield code="p">A02988</subfield>
    <subfield code="r">2016-11-23</subfield>
    <subfield code="w">2016-11-23</subfield>
    <subfield code="y">VEM</subfield>
  </datafield>
  <datafield tag="952" ind1=" " ind2=" ">
    <subfield code="0">0</subfield>
    <subfield code="1">0</subfield>
    <subfield code="2">ddc</subfield>
    <subfield code="4">0</subfield>
    <subfield code="6">VEM_HUN_2015_000000000000000_B533_OR_6</subfield>
    <subfield code="7">0</subfield>
    <subfield code="9">57158</subfield>
    <subfield code="a">LBB</subfield>
    <subfield code="b">LBB</subfield>
    <subfield code="c">B533</subfield>
    <subfield code="d">2016-11-23</subfield>
    <subfield code="o">VEM HUN 2015 B533 Or.6</subfield>
    <subfield code="p">A03175</subfield>
    <subfield code="r">2016-11-23</subfield>
    <subfield code="w">2016-11-23</subfield>
    <subfield code="y">VEM</subfield>
  </datafield>
  <datafield tag="952" ind1=" " ind2=" ">
    <subfield code="0">0</subfield>
    <subfield code="1">0</subfield>
    <subfield code="2">ddc</subfield>
    <subfield code="4">0</subfield>
    <subfield code="6">VEM_HUN_2015_000000000000000_B533_OR_7</subfield>
    <subfield code="7">0</subfield>
    <subfield code="9">57159</subfield>
    <subfield code="a">LBB</subfield>
    <subfield code="b">LBB</subfield>
    <subfield code="c">B533</subfield>
    <subfield code="d">2016-11-23</subfield>
    <subfield code="l">1</subfield>
    <subfield code="o">VEM HUN 2015 B533 Or.7</subfield>
    <subfield code="p">A04179</subfield>
    <subfield code="r">2024-02-08</subfield>
    <subfield code="s">2024-01-08</subfield>
    <subfield code="w">2016-11-23</subfield>
    <subfield code="y">VEM</subfield>
  </datafield>
  <datafield tag="952" ind1=" " ind2=" ">
    <subfield code="0">0</subfield>
    <subfield code="1">0</subfield>
    <subfield code="2">ddc</subfield>
    <subfield code="4">0</subfield>
    <subfield code="6">VEM_HUN_2015_000000000000000_B533_OR_8</subfield>
    <subfield code="7">0</subfield>
    <subfield code="9">57160</subfield>
    <subfield code="a">LBB</subfield>
    <subfield code="b">LBB</subfield>
    <subfield code="c">B533</subfield>
    <subfield code="d">2016-11-23</subfield>
    <subfield code="o">VEM HUN 2015 B533 Or.8</subfield>
    <subfield code="p">A03309</subfield>
    <subfield code="r">2016-11-23</subfield>
    <subfield code="w">2016-11-23</subfield>
    <subfield code="y">VEM</subfield>
  </datafield>
</record>
